Responses for show #7723 - Wednesday, March 21, 2018

Contestants

Chris Frantz, an on-call office administrator from Orwigsburg, Pennsylvania

Rebecca Zoshak, a language specialist from State College, Pennsylvania

Lisa Mueller, a technical services librarian from Naperville, Illinois (whose 2-day cash winnings total $33,200)

Jeopardy! Round responses

SENIOR MOMENTS
5-LETTER WORDS
NOT-SO-SERIOUS LAWS
NEWSPAPERS
I'VE SEEN THE LIGHTS GO OUT ON BROADWAY
MIX -OLOGY
(Alex: We will ask you to decipher an anagram, and keep in mind that each correct response will end in "O-L-O-G-Y".)
    $200 17
clerk

Rebecca
    $200 22
(Rebecca: What is yes?)
...
(Alex: Less than a minute now.)

no

RebeccaChris
    $200 15
Stephen Sondheim

Chris
    $200 12
astrology

Chris
    $400 16
Roget

Rebecca
    $400 18
taunt

Chris
    $400 23
errors (or mistakes, typos)

Lisa
    $400 8
Sun

Lisa
    $400 1
A Chorus Line

Lisa
    $400 13
paleontology

Rebecca
    $600 9
(Jessica) Tandy

Lisa
    $600 19
(Lisa: What is terse?)

pithy

Lisa
Triple Stumper
    $600 24
razor

Rebecca
    $600 5
The New York Post

Triple Stumper
    $600 2
Tim Curry

Lisa
    $600 14
pharmacology

Chris
    $2,600 10
(John) Glenn

Lisa
    $800 20
a doula

Rebecca
    $800 25
the Peter principle

Lisa
    $800 6
The Wall Street Journal

Lisa
    $800 3
Chicago

Lisa
    $1000 11
(Toni) Morrison

Rebecca
    $1000 21
a gouge

Triple Stumper
    $1000 26
(Rebecca: Who is Murphy?)
...
[The end-of-round signal sounds.]

Parkinson

Rebecca
Triple Stumper
    $1000 7
Fort Worth

Triple Stumper
    $1000 4
(Lisa: What's The Last Five Years?)

Glory Days

Lisa
Triple Stumper

Scores at the first commercial break (after clue 15):

Lisa Rebecca Chris
$5,200 $1,400 $1,000

Scores at the end of the Jeopardy! Round:

Lisa Rebecca Chris
$5,800 $2,200 $1,600

Double Jeopardy! Round responses

PIZARRO WORLD
LAWYER TV
TRIPLE RHYME TIME
ETHNI-CITIES
FULL SENTENCE LITERARY TITLES
DEUS EX MACHINA
    $400 22
Castile

Lisa
    $400 7
J.A.G.

Rebecca
    $400 4
a dark shark mark

Lisa
    $400 1
(Lisa: What is Mars?)

the moon

LisaChris
    $800 14
Panama

Chris
    $800 8
Perry Mason

Chris
    $800 13
Obama llama drama

Lisa
    $800 21
London

Chris
    $800 2
(Kurt) Vonnegut

Lisa
    $800 18
Mercury

Chris
    $1200 15
Lima

Lisa
    $1200 9
Blue Bloods

Lisa
    $1200 26
[The end-of-round signal sounds.]

a better debtor letter

Chris
    $1200 10
(Lisa: What is Queens?)

Brooklyn

LisaChris
    $1200 3
(Chris: What is I Know How the Caged Bird Sings?)

I Know Why the Caged Bird Sings

RebeccaChris
    $1200 19
satellites

Lisa
    $1600 16
Hernando de Soto

Triple Stumper
    $1600 24
Ally McBeal

Triple Stumper
    $1600 11
Boston

Chris
    $1600 5
Even Cowgirls Get the Blues

Rebecca
    $1600 20
Eos

Chris
    $2000 17
Toledo

Triple Stumper
    $2000 25
Matlock

Rebecca
    $3,000 12
(Alex: Chris?)
(Chris: What is Portuguese?)

Italians

Chris
    $2000 6
(Lisa: Who is Ishuguro?)

Kazuo Ishiguro

Lisa
Triple Stumper
    $1,000 23
(Lisa: What is a Hummer?)

Saturn

Lisa

Scores at the end of the Double Jeopardy! Round:

Lisa Rebecca Chris
$7,200 $7,400 $6,600

[wagering suggestions for these scores]

Final Jeopardy! Round responses

FILMS OF THE 1960s
ChrisWhat is Psycho?
$6,000
LisaWhat is Psycho
$6,001
RebeccaWhat is Psycho?
$7,007
Psycho

Final scores:

Lisa Rebecca Chris
$13,201 $14,407 $12,600
2nd place: $2,000 New champion: $14,407 3rd place: $1,000

Game dynamics:

Coryat scores:

Lisa Rebecca Chris
$6,400 $7,400 $9,600
16 R
(including 1 DD),
6 W
(including 1 DD)
10 R,
2 W
14 R,
2 W
(including 1 DD)

Combined Coryat: $23,400

The J! Archive is created by fans, for fans. The Jeopardy! game show and all elements thereof, including but not limited to copyright and trademark thereto, are the property of Jeopardy Productions, Inc. and are protected under law. This website is not affiliated with, sponsored by, or operated by Jeopardy Productions, Inc. Join the discussion at JBoard.tv.